000
00357nam a2200157Ia 4500
003
OSt
005
20240306112223.0
008
170523s9999 xx 000 0 und d
020
_a
9789389174366
040
_c
iimtu meerut
100
_a
KAPOOR- ND
245
0
_a
ELEMENTS MERCANTILE LAW
260
_b
SULTAN CHAND SONS
260
_c
2004
942
_2
ddc
_c
02
999
_c
1014
_d
1014